• 首页
  • 本馆介绍
  • 公告通知
  • 最新文献
  • 馆藏检索
  • 电子资源
  • 读者导购
  • 参考咨询
  • 我的图书馆
  • 登录
  • 详细信息显示
  • 放入我的书架
  • 预约/预借图书
  • 作者相关作品
  • 分类相关作品
  • 丛书相关作品
  • 出版社相关作品

书目信息

  • 表格格式
  • 工作单格式
  • 卡片格式
题名:
中国旅游产业政策研究
    
 
作者: 高舜礼 著
分册:  
出版信息: 北京   中国旅游出版社  2006
页数: 218页
开本: 23cm
丛书名: 旅游理论与发展实践研究丛书
单 册:
中图分类: F592.0
科图分类:
主题词: 旅游业--方针政策--研究--中国 , 旅游业 , 方针政策
电子资源:
ISBN: 7-5032-2835-0
000 01070oam2 2200289 450
001 003166043
005 20091207084242.97
010    @a7-5032-2835-0@dCNY26.00
100    @a20060210d2006 em y0chiy0110 ea
101 0  @achi
102    @aCN@b110000
105    @ay z 000yy
106    @ar
200 1  @a中国旅游产业政策研究@9zhong guo lv you chan ye zheng ce yan jiu@dStudy on policies of tourism industry in China@f高舜礼著@zeng
210    @a北京@c中国旅游出版社@d2006
215    @a218页@d23cm
225 2  @a旅游理论与发展实践研究丛书
330    @a本书涉及的主要内容有:旅游强国目标、旅游国际竞争力、旅游产业性质、旅游发展的主导模式、旅游集约化发展、旅游市场战略、旅游企业跨国经营、城市旅游竞争力、旅行社业改革等。
461  0 @12001 @a旅游理论与发展实践研究丛书
510 1  @aStudy on policies of tourism industry in China@zeng
606 0  @a旅游业@x方针政策@x研究@y中国
606 0  @a旅游业
606 0  @a方针政策
690    @aF592.0@v4
701  0 @a高舜礼@9gao shun li@f(1964~)@4著
801  0 @aCN@bNLC@c20091207
905    @b20795648-52@dF592.0@e243@f5
    
    中国旅游产业政策研究=Study on policies of tourism industry in China/高舜礼著.-北京:中国旅游出版社,2006
    218页;23cm.-(旅游理论与发展实践研究丛书)
    
    
    ISBN 7-5032-2835-0:CNY26.00
    本书涉及的主要内容有:旅游强国目标、旅游国际竞争力、旅游产业性质、旅游发展的主导模式、旅游集约化发展、旅游市场战略、旅游企业跨国经营、城市旅游竞争力、旅行社业改革等。
●
相关链接 在E读中查询图书 在五车中查询图书 在当当中查询图书 在豆瓣中查询图书


正题名:中国旅游产业政策研究     索取号:F592.0/243         预约/预借

序号 登录号 条形码 馆藏地/架位号 状态 备注
1 795648   207956489   第一样本阅览室/ [索取号:F592.0/243] 在馆    
2 795649   207956498   第一借阅区/ [索取号:F592.0/243] 在馆    
3 795650   207956504   第一借阅区/ [索取号:F592.0/243] 在馆    
4 795651   207956513   第一借阅区/ [索取号:F592.0/243] 在馆    
5 795652   207956522   第一借阅区/ [索取号:F592.0/243] 在馆    
唐山师范学院图书馆 欢迎您!
大连网信软件有限公司© 版权所有